[Event "Thüringenliga 2011/2012"]
[Site "?"]
[Date "2012.03.04"]
[Round "7"]
[White "Walther, Thomas"]
[Black "Kastner, Peter"]
[Result "1/2-1/2"]
[WhiteElo "1839"]
[BlackElo "1994"]
[PlyCount "45"]
[EventDate "2011.??.??"]
[WhiteTeam "VfL 1990 Gera"]
[BlackTeam "SV 1861 Liebschwitz"]

1. e4 c5 2. Nf3 d6 3. d4 cxd4 4. Nxd4 Nf6 5. Nc3 a6 6. Bg5 e6 7. f4 Qb6 8. Nb3
Be7 9. Qd4 Qxd4 10. Nxd4 Nbd7 11. O-O-O h6 12. Bxf6 Nxf6 13. Be2 Bd7 14. Bf3
O-O-O 15. g4 g5 16. f5 h5 17. h3 Rh7 18. fxe6 fxe6 19. gxh5 Nxh5 20. Bg4 Nf4
21. Nce2 Nxe2+ 22. Nxe2 Rf7 23. Nd4 1/2-1/2

[Event "Thüringenliga 2011/2012"]
[Site "?"]
[Date "2012.03.04"]
[Round "7"]
[White "Birke, Andreas"]
[Black "Fijalkowski, Jürgen"]
[Result "1/2-1/2"]
[WhiteElo "2131"]
[BlackElo "1815"]
[PlyCount "68"]
[EventDate "2011.??.??"]
[WhiteTeam "SV 1861 Liebschwitz"]
[BlackTeam "VfL 1990 Gera"]

1. Nf3 Nf6 2. c4 d6 3. Nc3 e5 4. d3 c6 5. g3 Bg4 6. Bg2 Nbd7 7. h3 Bh5 8. g4
Bg6 9. Nh4 Be7 10. Nxg6 hxg6 11. e4 Nc5 12. Be3 Nfd7 13. Qd2 Ne6 14. Ne2 Qc7
15. d4 g5 16. d5 Nf4 17. Bf1 c5 18. Nc3 a6 19. a3 Rh4 20. f3 Bf6 21. Ne2 g6 22.
Nc1 Nb6 23. Qc3 Nd7 24. Nd3 Ke7 25. Kf2 Rah8 26. Kg3 Qc8 27. Nf2 Bg7 28. b4 b6
29. bxc5 bxc5 30. Rb1 Qc7 31. Bd2 Rb8 32. Bd3 Rhh8 33. Qa5 Qa7 34. Qa4 Bf6
1/2-1/2

[Event "Thüringenliga 2011/2012"]
[Site "?"]
[Date "2012.03.04"]
[Round "7"]
[White "Albrecht, Jürgen"]
[Black "Urban, Lars"]
[Result "1/2-1/2"]
[WhiteElo "2075"]
[BlackElo "2019"]
[PlyCount "32"]
[EventDate "2011.??.??"]
[WhiteTeam "SSV Vimaria 91 Weimar"]
[BlackTeam "SV Empor Erfurt"]

1. e4 e6 2. d4 d5 3. Nd2 Be7 4. Bd3 c5 5. dxc5 Nf6 6. exd5 Qxd5 7. Ngf3 Nbd7 8.
b4 a5 9. Bc4 Qh5 10. c3 Nd5 11. Bxd5 Qxd5 12. Qb3 axb4 13. Qxd5 exd5 14. cxb4
Bf6 15. Rb1 Rxa2 16. O-O O-O 1/2-1/2

[Event "Thüringenliga 2011/2012"]
[Site "?"]
[Date "2012.03.04"]
[Round "7"]
[White "Michalowski, Peter"]
[Black "Günther, Andreas"]
[Result "1/2-1/2"]
[WhiteElo "1980"]
[BlackElo "2143"]
[PlyCount "20"]
[EventDate "2011.??.??"]
[WhiteTeam "SV Empor Erfurt"]
[BlackTeam "SSV Vimaria 91 Weimar"]

1. e4 c5 2. Nf3 a6 3. c3 e6 4. d4 d5 5. e5 Bd7 6. Be2 cxd4 7. cxd4 Bb5 8. Bxb5+
axb5 9. O-O Nc6 10. Nbd2 Qb6 1/2-1/2

[Event "Thüringenliga 2011/2012"]
[Site "?"]
[Date "2012.03.04"]
[Round "7"]
[White "Rensch, Toralf"]
[Black "Buckan, Jens"]
[Result "1-0"]
[WhiteElo "2028"]
[BlackElo "1956"]
[PlyCount "103"]
[EventDate "2011.??.??"]
[WhiteTeam "SSV Vimaria 91 Weimar"]
[BlackTeam "SV Empor Erfurt"]

1. e4 c5 2. Nf3 d6 3. Bb5+ Bd7 4. Bxd7+ Qxd7 5. O-O Nc6 6. d3 g6 7. c3 Nf6 8.
Bg5 Bg7 9. Na3 O-O 10. Qe2 h6 11. Be3 Rab8 12. Qd2 Kh7 13. Rad1 b5 14. e5 Nd5
15. exd6 exd6 16. d4 Nxe3 17. Qxe3 cxd4 18. cxd4 Rfe8 19. Qd3 a6 20. Nc2 Qg4
21. Rfe1 Re7 22. Qa3 Rxe1+ 23. Rxe1 Rd8 24. Qxa6 Nxd4 25. Ncxd4 Bxd4 26. Nxd4
Qxd4 27. Qxb5 Rc8 28. Qe2 Rc5 29. Rd1 Qf4 30. g3 Qf5 31. Qd3 Qxd3 32. Rxd3 Rc2
33. Rb3 Kg7 34. a4 Kf6 35. a5 Ke6 36. a6 Rc8 37. a7 Ra8 38. Rb7 Kd5 39. Rxf7
Kc6 40. Kf1 Re8 41. Rf6 Ra8 42. Rf7 Re8 43. Re7 Ra8 44. Ke2 Kc5 45. Kd3 d5 46.
f4 h5 47. Rg7 h4 48. gxh4 d4 49. b4+ Kd5 50. b5 Kc5 51. Rb7 Re8 52. Rb8 1-0

[Event "Thüringenliga 2011/2012"]
[Site "?"]
[Date "2012.03.04"]
[Round "7"]
[White "Pichl, Michael"]
[Black "Riedel, Finn"]
[Result "1-0"]
[WhiteElo "1991"]
[BlackElo "2027"]
[PlyCount "113"]
[EventDate "2011.??.??"]
[WhiteTeam "SV Empor Erfurt"]
[BlackTeam "SSV Vimaria 91 Weimar"]

1. g3 e5 2. Bg2 f5 3. c4 Nf6 4. a3 c6 5. d3 d6 6. Nc3 Be6 7. Nf3 Qc7 8. O-O Be7
9. b4 O-O 10. Bb2 h6 11. Rc1 Nbd7 12. Nd2 g5 13. Nd5 Qd8 14. Nxe7+ Qxe7 15. c5
d5 16. e4 f4 17. exd5 cxd5 18. Re1 fxg3 19. fxg3 Qf7 20. Bxe5 Nxe5 21. Rxe5 Ng4
22. Re2 Ne3 23. Qe1 Nxg2 24. Kxg2 Rae8 25. d4 Bg4 26. Re5 Rxe5 27. dxe5 Qf5 28.
Qe3 Rc8 29. Re1 Qe6 30. Kg1 Bh3 31. Nf3 Rf8 32. Nd4 Qf7 33. Qe2 Bg4 34. Qe3 Bh3
35. Qe2 Bg4 36. Qf1 Qg6 37. Qg2 Qf7 38. Rf1 Qd7 39. Rxf8+ Kxf8 40. Qf2+ Ke8 41.
Qf6 Qa4 42. Qg6+ Kd8 43. Qd3 Qe8 44. Qe3 Qg6 45. Qf2 Qb1+ 46. Qf1 Qe4 47. Qf8+
Kc7 48. Nb5+ Kc6 49. Nxa7+ Kd7 50. c6+ bxc6 51. Qf7+ Kd8 52. Nxc6+ Kc8 53. Qf8+
Kc7 54. Qd6+ Kc8 55. Qb8+ Kd7 56. Qb7+ Ke6 57. Qe7+ 1-0

[Event "Thüringenliga 2011/2012"]
[Site "?"]
[Date "2012.03.04"]
[Round "7"]
[White "Philipp, Michael"]
[Black "Taudte, Stefan"]
[Result "0-1"]
[WhiteElo "1936"]
[BlackElo "2001"]
[PlyCount "48"]
[EventDate "2011.??.??"]
[WhiteTeam "SSV Vimaria 91 Weimar"]
[BlackTeam "SV Empor Erfurt"]

1. f4 d5 2. Nf3 c5 3. g3 Nc6 4. Bg2 f6 5. O-O e5 6. d3 exf4 7. Bxf4 Bd6 8. Bxd6
Qxd6 9. e4 dxe4 10. Re1 Nge7 11. Rxe4 f5 12. Re3 O-O 13. Nc3 f4 14. gxf4 Rxf4
15. Qd2 Bg4 16. Rae1 Raf8 17. Ne5 Nxe5 18. Rxe5 Ng6 19. Rd5 Qf6 20. Ne4 Qxb2
21. Nxc5 Nh4 22. Ne4 Bh3 23. Ng5 Qb6+ 24. d4 Bxg2 0-1

[Event "Thüringenliga 2011/2012"]
[Site "?"]
[Date "2012.03.04"]
[Round "7"]
[White "Wahlicht, Mike"]
[Black "Stiefel, Roland"]
[Result "0-1"]
[WhiteElo "1880"]
[BlackElo "1985"]
[PlyCount "80"]
[EventDate "2011.??.??"]
[WhiteTeam "SV Empor Erfurt"]
[BlackTeam "SSV Vimaria 91 Weimar"]

1. e4 c5 2. c3 e6 3. Nf3 d5 4. exd5 exd5 5. d4 Nf6 6. Bb5+ Bd7 7. Bxd7+ Nbxd7
8. O-O Be7 9. Nbd2 O-O 10. dxc5 Nxc5 11. Nb3 Nce4 12. Be3 Qc7 13. Nbd4 Rfe8 14.
Nf5 Bf8 15. Bd4 b6 16. Re1 Qf4 17. Ne3 Rad8 18. g3 Qc7 19. Nf1 Bc5 20. Rc1 Ng4
21. Rc2 f5 22. Nh4 Nh6 23. Rce2 Rf8 24. f3 Nf6 25. Ng2 g5 26. Re6 f4 27. Kh1
Bxd4 28. Qxd4 Nf5 29. Qd3 Ng7 30. Re7 Rd7 31. R7e5 fxg3 32. hxg3 g4 33. f4 Qc6
34. Kh2 Ne4 35. Nd2 Qh6+ 36. Nh4 Rxf4 37. Nxe4 Rxe4 38. R1xe4 Rf7 39. Rxg4 Qc1
40. Kh3 Qh1# 0-1

[Event "Thüringenliga 2011/2012"]
[Site "?"]
[Date "2012.03.04"]
[Round "7"]
[White "Gulich, Christian"]
[Black "Zahn, Alina"]
[Result "1-0"]
[WhiteElo "1963"]
[BlackElo "1861"]
[PlyCount "71"]
[EventDate "2011.??.??"]
[WhiteTeam "SSV Vimaria 91 Weimar"]
[BlackTeam "SV Empor Erfurt"]

1. e4 e5 2. Nf3 Nc6 3. d4 exd4 4. Bc4 Nf6 5. O-O Nxe4 6. Re1 d5 7. Bxd5 Qxd5 8.
Nc3 Qh5 9. Nxe4 Be6 10. Bg5 Bd6 11. Nxd6+ cxd6 12. Bf4 O-O 13. Nxd4 Qxd1 14.
Raxd1 Nxd4 15. Rxd4 Rfc8 16. Rd2 d5 17. Be5 Rc4 18. Bd4 b6 19. Re5 h6 20. h3
Rac8 21. c3 R4c6 22. Rde2 a5 23. f4 Rd6 24. Kf2 b5 25. a3 Kh7 26. f5 Bd7 27.
Re7 Kg8 28. Be5 Rcc6 29. g4 Kf8 30. Bxd6 Rxd6 31. R7e5 Bc6 32. Ke3 Rd8 33. Kd4
Ba8 34. Re7 Rc8 35. Ra7 a4 36. Ree7 1-0

[Event "Thüringenliga 2011/2012"]
[Site "?"]
[Date "2012.03.04"]
[Round "7"]
[White "Schneider, Christian"]
[Black "Bräuer, Franz"]
[Result "1/2-1/2"]
[WhiteElo "2199"]
[BlackElo "2261"]
[PlyCount "40"]
[EventDate "2011.??.??"]
[WhiteTeam "SG Blau-Weiß Stadtilm"]
[BlackTeam "SV Jenapharm Jena"]

1. c4 e6 2. Nf3 Nf6 3. g3 b6 4. Bg2 Bb7 5. O-O Be7 6. d4 O-O 7. Nc3 Ne4 8. Qc2
Nxc3 9. Qxc3 Be4 10. Ne5 Bxg2 11. Kxg2 d6 12. Qf3 dxe5 13. Qxa8 Qxd4 14. Qf3
Qxc4 15. Rd1 e4 16. Qe3 Qc6 17. b3 Bf6 18. Rb1 Qc2 19. Ba3 c5 20. Qd2 Qxd2
1/2-1/2

[Event "Thüringenliga 2011/2012"]
[Site "?"]
[Date "2012.03.04"]
[Round "7"]
[White "Neidig, Stefan"]
[Black "Siebarth, Raiko"]
[Result "1-0"]
[WhiteElo "2092"]
[BlackElo "2189"]
[PlyCount "91"]
[EventDate "2011.??.??"]
[WhiteTeam "SV Jenapharm Jena"]
[BlackTeam "SG Blau-Weiß Stadtilm"]

1. c4 Nf6 2. Nf3 g6 3. Nc3 Bg7 4. e4 d6 5. d4 O-O 6. Be2 c6 7. O-O a6 8. h3 b5
9. e5 Ne8 10. Bf4 dxe5 11. dxe5 Qxd1 12. Raxd1 Nc7 13. Rd2 Ne6 14. Bg3 Bh6 15.
Rd3 Nd7 16. Nd4 bxc4 17. Rdd1 Nxd4 18. Rxd4 Bg7 19. Rxc4 Bxe5 20. Bxe5 Nxe5 21.
Rc5 f6 22. f4 Nf7 23. Rxc6 Rd8 24. Bc4 Kf8 25. Re1 Ra7 26. Nd5 Nd6 27. Bb3 h5
28. Rc3 Nb5 29. Rce3 Rdd7 30. Nxf6 exf6 31. Re8+ Kg7 32. Rg8+ Kh7 33. Ree8 Kh6
34. Rxc8 Rd2 35. Rh8+ Rh7 36. Rhf8 Rxb2 37. Rxf6 Nd4 38. Bc4 Re7 39. Rg8 Re1+
40. Kh2 h4 41. Rgxg6+ Kh7 42. Rh6+ Kg7 43. Rfg6+ Kf8 44. Rh8+ Ke7 45. Rh7+ Kd8
46. Rd6+ 1-0

[Event "Thüringenliga 2011/2012"]
[Site "?"]
[Date "2012.03.04"]
[Round "7"]
[White "Rätsch, Heinz"]
[Black "Middelhoff, Cornelius"]
[Result "0-1"]
[WhiteElo "2102"]
[BlackElo "2003"]
[PlyCount "68"]
[EventDate "2011.??.??"]
[WhiteTeam "SG Blau-Weiß Stadtilm"]
[BlackTeam "SV Jenapharm Jena"]

1. Nc3 d5 2. e4 d4 3. Nce2 e5 4. Ng3 Nc6 5. Bb5 Bd6 6. Nf3 Nf6 7. O-O O-O 8. c3
Bd7 9. d3 dxc3 10. bxc3 Re8 11. Re1 a6 12. Bxc6 Bxc6 13. Nf5 Bf8 14. Bg5 h6 15.
Bh4 g6 16. Ne3 Bg7 17. Nc4 g5 18. Bg3 Nd7 19. Na5 Qf6 20. h4 g4 21. Nh2 h5 22.
f3 Bb5 23. Nb3 gxf3 24. Rf1 Qb6+ 25. Bf2 Qd6 26. Qxf3 Qxd3 27. Be3 f5 28. exf5
Rf8 29. Nc5 Nxc5 30. Bxc5 Qxf3 31. Rxf3 Rf7 32. Re1 e4 33. Rf4 Bd3 34. Rc1 Bh6
0-1

[Event "Thüringenliga 2011/2012"]
[Site "?"]
[Date "2012.03.04"]
[Round "7"]
[White "Darr, Sascha"]
[Black "George, Tom"]
[Result "1-0"]
[WhiteElo "2068"]
[BlackElo "1806"]
[PlyCount "77"]
[EventDate "2011.??.??"]
[WhiteTeam "SV Jenapharm Jena"]
[BlackTeam "SG Blau-Weiß Stadtilm"]

1. e4 c5 2. Nf3 d6 3. d4 cxd4 4. Nxd4 Nf6 5. Nc3 a6 6. h3 e5 7. Nb3 Be7 8. Be3
b5 9. g4 Bb7 10. Bg2 b4 11. Nd5 Nxd5 12. exd5 a5 13. a3 a4 14. Nd2 Qa5 15. Nc4
Qb5 16. Nb6 Ra7 17. Bf1 Qa5 18. Nc4 Qxd5 19. Qxd5 Bxd5 20. Bxa7 Nc6 21. Rg1
Nxa7 22. axb4 Bc6 23. c3 Nc8 24. Ne3 Nb6 25. b5 Bd7 26. Nc4 Nxc4 27. Bxc4 d5
28. Bxd5 Bxb5 29. c4 Bd7 30. Ke2 Bc5 31. Rgb1 Bd4 32. Ra3 Ke7 33. b4 axb3 34.
Rbxb3 Rc8 35. Rb7 Bc5 36. Ra6 f6 37. Rxd7+ Kxd7 38. Be6+ Kc7 39. Bxc8 1-0

[Event "Thüringenliga 2011/2012"]
[Site "?"]
[Date "2012.03.04"]
[Round "7"]
[White "Siebarth, Marco"]
[Black "Kloß, Thomas"]
[Result "1/2-1/2"]
[WhiteElo "1981"]
[BlackElo "1949"]
[PlyCount "134"]
[EventDate "2011.??.??"]
[WhiteTeam "SG Blau-Weiß Stadtilm"]
[BlackTeam "SV Jenapharm Jena"]

1. e4 c5 2. Nf3 d6 3. d4 cxd4 4. Nxd4 Nf6 5. Nc3 g6 6. g3 Nc6 7. Nde2 Bg7 8.
Bg2 O-O 9. O-O Bd7 10. Nd5 Rc8 11. h3 a6 12. Be3 Nxd5 13. exd5 Na5 14. Bd4 Bxd4
15. Nxd4 b5 16. Re1 Re8 17. b3 Qb6 18. Qd2 Rc7 19. Re4 e5 20. dxe6 fxe6 21.
Rae1 e5 22. Qh6 Bc8 23. Rf4 Rg7 24. Bd5+ Kh8 25. Nf3 Bb7 26. Bxb7 Qxb7 27. Ng5
Qe7 28. Rfe4 Nb7 29. Nf3 Nc5 30. R4e2 Ne6 31. Qd2 Rf7 32. Qd5 Rxf3 33. Qxf3 Nd4
34. Qd5 Nxe2+ 35. Rxe2 Kg7 36. Kg2 Qc7 37. f4 Re7 38. Rd2 exf4 39. Qd4+ Kg8 40.
Qxf4 Qc6+ 41. Qf3 Qxf3+ 42. Kxf3 Re6 43. c4 bxc4 44. bxc4 Kf7 45. Rd5 Rf6+ 46.
Ke3 Ke6 47. Ra5 Rf1 48. Rxa6 Rc1 49. Kd4 Rd1+ 50. Ke4 Rc1 51. Ra4 h6 52. h4 Rg1
53. Kf3 Rc1 54. Kf4 Rf1+ 55. Kg4 Rc1 56. Rb4 Rc3 57. a4 h5+ 58. Kf4 Ra3 59. g4
hxg4 60. Kxg4 Ra1 61. Kg5 Rg1+ 62. Kh6 Rg4 63. Kg7 Rxh4 64. Kxg6 Rg4+ 65. Kh5
Rg1 66. a5 Ra1 67. Rb5 Ra4 1/2-1/2

[Event "Thüringenliga 2011/2012"]
[Site "?"]
[Date "2012.03.04"]
[Round "7"]
[White "Zipfel, Frank"]
[Black "Rögner, Andreas"]
[Result "1-0"]
[WhiteElo "1998"]
[BlackElo "1664"]
[PlyCount "81"]
[EventDate "2011.??.??"]
[WhiteTeam "SV Jenapharm Jena"]
[BlackTeam "SG Blau-Weiß Stadtilm"]

1. Nf3 d5 2. g3 Nf6 3. Bg2 e6 4. O-O c5 5. d3 Nc6 6. Nbd2 Be7 7. e4 O-O 8. e5
Nd7 9. Re1 Qc7 10. Qe2 b6 11. Nf1 Bb7 12. Bf4 Rfe8 13. h4 Rac8 14. N1h2 Nf8 15.
Ng5 h6 16. Nh3 Ng6 17. Qh5 Nd4 18. Rac1 c4 19. c3 Nf5 20. d4 b5 21. a3 a5 22.
Bd2 Qb6 23. Qe2 b4 24. axb4 axb4 25. h5 Nf8 26. Nf4 Nh7 27. Qg4 Ng5 28. Bxd5
Rc7 29. Bxb7 Qxb7 30. d5 Bc5 31. Rcd1 Nxg3 32. Qxg3 exd5 33. Ng4 d4 34. cxd4
Nf3+ 35. Kf1 Nxd4 36. Nf6+ Kh8 37. Nxe8 Qh1+ 38. Qg1 Qxg1+ 39. Kxg1 Nf3+ 40.
Kf1 Rd7 41. Be3 1-0

[Event "Thüringenliga 2011/2012"]
[Site "?"]
[Date "2012.03.04"]
[Round "7"]
[White "Berner, Stephan"]
[Black "Mißbach, Bernd"]
[Result "1/2-1/2"]
[WhiteElo "1757"]
[BlackElo "1954"]
[PlyCount "95"]
[EventDate "2011.??.??"]
[WhiteTeam "SG Blau-Weiß Stadtilm"]
[BlackTeam "SV Jenapharm Jena"]

1. e4 g6 2. d4 Bg7 3. Nc3 c5 4. d5 d6 5. f4 Na6 6. Nf3 Bd7 7. Bc4 Rb8 8. a4 Nc7
9. Qe2 Nh6 10. O-O O-O 11. h3 a6 12. a5 b5 13. axb6 Rxb6 14. g4 Kh8 15. f5 Nb5
16. Qd3 Nxc3 17. bxc3 Bb5 18. Bf4 Qd7 19. Ra5 Rfb8 20. Kg2 Ng8 21. Ng5 Nh6 22.
fxg6 hxg6 23. Bg3 Kg8 24. Nf3 Kh8 25. Bxb5 axb5 26. g5 Ng8 27. Nh2 e6 28. Rf4
Be5 29. Rh4+ Kg7 30. Bxe5+ dxe5 31. Ng4 exd5 32. exd5 Rd6 33. Ne3 Qd8 34. Ra7
Rd7 35. Rxd7 Qxd7 36. Qe4 Qe7 37. Rg4 Kf8 38. Rg3 Qd6 39. Ng4 Rd8 40. Rd3 Re8
41. c4 bxc4 42. Qxc4 Kg7 43. Rc3 Rc8 44. Re3 Re8 45. Qe4 f5 46. gxf6+ Nxf6 47.
Nxf6 Qxf6 48. Qg4 1/2-1/2

[Event "Thüringenliga 2011/2012"]
[Site "?"]
[Date "2012.03.04"]
[Round "7"]
[White "Skarus, Steffen"]
[Black "Dittrich, Hans-Georg"]
[Result "1-0"]
[WhiteElo "1873"]
[BlackElo "1660"]
[PlyCount "101"]
[EventDate "2011.??.??"]
[WhiteTeam "SV Jenapharm Jena"]
[BlackTeam "SG Blau-Weiß Stadtilm"]

1. c4 b6 2. e4 Bb7 3. Nc3 e6 4. d4 c5 5. d5 d6 6. Nf3 Nf6 7. Bd3 e5 8. O-O Be7
9. Ne1 Nbd7 10. Nc2 O-O 11. Ne3 Re8 12. Nf5 Bf8 13. Nb5 Qb8 14. a4 a6 15. Nc3
Qc7 16. g4 Kh8 17. Qf3 Ng8 18. Nh4 f6 19. Bd2 Ne7 20. g5 fxg5 21. Bxg5 g6 22.
Qh3 Kg7 23. Be2 Bc8 24. Bg4 Nf6 25. Bxf6+ Kxf6 26. f4 exf4 27. Rxf4+ Kg7 28.
Raf1 Bxg4 29. Rf7+ Kg8 30. Qxg4 Qc8 31. Qf3 Bg7 32. Rxg7+ Kxg7 33. Qf7+ Kh8 34.
Qf6+ Kg8 35. Qxd6 Qg4+ 36. Ng2 Rab8 37. Rf4 Qg5 38. h4 Qh6 39. Qe6+ Kh8 40. d6
Nc6 41. Qf6+ Qg7 42. d7 Rf8 43. Qxc6 Qd4+ 44. Kh1 Rbd8 45. Rxf8+ Rxf8 46. Qc8
Kg7 47. Qxf8+ Kxf8 48. Nd5 Qxb2 49. d8=Q+ Kg7 50. Qe7+ Kh6 51. Qf8+ 1-0

[Event "Thüringenliga 2011/2012"]
[Site "?"]
[Date "2012.03.04"]
[Round "7"]
[White "Recknagel, Michael"]
[Black "Goemann, Jens"]
[Result "0-1"]
[WhiteElo "2224"]
[BlackElo "2113"]
[PlyCount "80"]
[EventDate "2011.??.??"]
[WhiteTeam "SC Suhl"]
[BlackTeam "TSG Apolda"]

1. e4 e6 2. d4 d5 3. Nc3 Nf6 4. e5 Nfd7 5. f4 c5 6. Nf3 Nc6 7. Be3 cxd4 8. Nxd4
Bc5 9. Qd2 a6 10. Nce2 O-O 11. g3 Qe7 12. Bg2 Nb6 13. b3 Nxd4 14. Nxd4 Qc7 15.
c3 Bd7 16. O-O Nc8 17. Kh1 Ne7 18. Rad1 Rac8 19. Qf2 Bxd4 20. Bxd4 Bb5 21. Rfe1
Nf5 22. g4 Nxd4 23. cxd4 Qc2 24. Rd2 Qg6 25. Bf3 Rc3 26. h3 Rfc8 27. Kh2 Rc2
28. f5 Rxd2 29. Qxd2 exf5 30. Bxd5 fxg4 31. Be4 Qh5 32. Re3 Bc6 33. Bd3 Bf3 34.
Bf1 Qf5 35. Kg3 g5 36. Re1 Rc2 37. Qe3 h5 38. h4 gxh4+ 39. Kxh4 Rh2+ 40. Kg3
Rh1 0-1

[Event "Thüringenliga 2011/2012"]
[Site "?"]
[Date "2012.03.04"]
[Round "7"]
[White "Feld-Gerdes, Wolfgang"]
[Black "Rohmeiß, Roberto"]
[Result "0-1"]
[WhiteElo "2013"]
[BlackElo "2035"]
[PlyCount "66"]
[EventDate "2011.??.??"]
[WhiteTeam "SC Suhl"]
[BlackTeam "TSG Apolda"]

1. e4 d6 2. d4 Nf6 3. Nc3 g6 4. Nf3 Bg7 5. Be2 O-O 6. O-O c6 7. a4 Nbd7 8. a5
Qc7 9. Be3 e5 10. d5 Ng4 11. Bg5 f6 12. Bd2 Nh6 13. Be3 Ng4 14. Bc1 a6 15. Ng5
Nxf2 16. Rxf2 fxg5 17. dxc6 bxc6 18. Bc4+ Kh8 19. Rxf8+ Nxf8 20. Bxg5 Be6 21.
Qd3 Qa7+ 22. Kh1 h6 23. Bh4 Bxc4 24. Qxc4 Qd7 25. Rd1 Ne6 26. Na4 Nf4 27. h3
Nxh3 28. Nb6 Qg4 29. Nxa8 Qxd1+ 30. Kh2 Nf4 31. Bg3 Ne2 32. Bf2 Qf1 33. Be3 Qe1
0-1

[Event "Thüringenliga 2011/2012"]
[Site "?"]
[Date "2012.03.04"]
[Round "7"]
[White "Schmidt, Matthias"]
[Black "Koch, Stefan"]
[Result "1/2-1/2"]
[WhiteElo "1939"]
[BlackElo "1924"]
[PlyCount "36"]
[EventDate "2011.??.??"]
[WhiteTeam "TSG Apolda"]
[BlackTeam "SC Suhl"]

1. e4 d5 2. exd5 Qxd5 3. Qf3 Nf6 4. Nc3 Qe5+ 5. Qe2 Qd6 6. Nf3 c6 7. g3 Bg4 8.
Bg2 Nbd7 9. d3 e6 10. Ne4 Nxe4 11. dxe4 Ne5 12. O-O Nxf3+ 13. Bxf3 Bxf3 14.
Qxf3 Be7 15. Rd1 Qc7 16. Be3 O-O 17. Bd4 e5 18. Bc3 Rad8 1/2-1/2

[Event "Thüringenliga 2011/2012"]
[Site "?"]
[Date "2012.03.04"]
[Round "7"]
[White "Mucha, Felix"]
[Black "Steiger, Jürgen"]
[Result "0-1"]
[WhiteElo "1915"]
[BlackElo "1932"]
[PlyCount "78"]
[EventDate "2011.??.??"]
[WhiteTeam "SC Suhl"]
[BlackTeam "TSG Apolda"]

1. e4 e5 2. Nf3 Nc6 3. d4 exd4 4. Nxd4 Qh4 5. Nc3 Bb4 6. Ndb5 Ba5 7. Qf3 Nf6 8.
Bf4 d6 9. g3 Qg4 10. Qxg4 Bxg4 11. Bg2 a6 12. Na3 Nd4 13. O-O Bxc3 14. bxc3
Ne2+ 15. Kh1 Nxf4 16. gxf4 O-O 17. Rfb1 Rae8 18. Rxb7 Nxe4 19. f3 Nf2+ 20. Kg1
Nh3+ 21. Kf1 Bc8 22. Rxc7 Nxf4 23. Rd1 Re2 24. Rc4 Rxg2 25. Rxf4 Rxh2 26. Rxd6
h5 27. Kg1 Re2 28. Re4 Rxe4 29. fxe4 Re8 30. Nc4 Kh7 31. Nd2 Bb7 32. Rd4 Re5
33. Kf2 Ra5 34. Rd7 Bc8 35. Rxf7 Rxa2 36. Ke3 Rxc2 37. Rc7 Bg4 38. Kd3 Rc1 39.
Rc6 h4 0-1

[Event "Thüringenliga 2011/2012"]
[Site "?"]
[Date "2012.03.04"]
[Round "7"]
[White "Krug, Klaus-Peter"]
[Black "Will, Ralph"]
[Result "1/2-1/2"]
[WhiteElo "1954"]
[BlackElo "1726"]
[PlyCount "85"]
[EventDate "2011.??.??"]
[WhiteTeam "TSG Apolda"]
[BlackTeam "SC Suhl"]

1. d4 d5 2. Nf3 Nf6 3. Nbd2 g6 4. h3 Bg7 5. e3 O-O 6. Bd3 Nbd7 7. b3 Re8 8. Bb2
c6 9. O-O b6 10. Ne5 Bb7 11. f4 e6 12. Qf3 Nf8 13. g4 N6d7 14. g5 f6 15. gxf6
Qxf6 16. Qg4 Rad8 17. Rae1 Qe7 18. Re2 Nf6 19. Qf3 Nh5 20. Rg2 Bxe5 21. fxe5
Ng7 22. Kh2 Nd7 23. Rfg1 Rf8 24. Qe2 Rf7 25. Nf3 Nf5 26. Ng5 Rg7 27. Bxf5 exf5
28. h4 h6 29. Nf3 Nf8 30. Bc3 Bc8 31. Be1 Kh7 32. Bg3 Ne6 33. Bf4 Rdg8 34. Qe1
c5 35. c3 Bd7 36. Qg3 Rh8 37. Rh1 Be8 38. Kg1 Bf7 39. Rgh2 Kg8 40. Kf1 cxd4 41.
cxd4 Qa3 42. Qe1 Qa6+ 43. Qe2 1/2-1/2

[Event "Thüringenliga 2011/2012"]
[Site "?"]
[Date "2012.03.04"]
[Round "7"]
[White "Müller, Bernd"]
[Black "Neubauer, Ralf"]
[Result "1/2-1/2"]
[WhiteElo "1738"]
[BlackElo "1848"]
[PlyCount "145"]
[EventDate "2011.??.??"]
[WhiteTeam "SC Suhl"]
[BlackTeam "TSG Apolda"]

1. e4 c6 2. d4 d5 3. e5 Bf5 4. h4 h5 5. Ne2 g6 6. Ng3 Bg4 7. f3 Bd7 8. Bg5 Nh6
9. c3 Nf5 10. Nxf5 Bxf5 11. Bd3 Bxd3 12. Qxd3 Qb6 13. Nd2 e6 14. Bf6 Rg8 15.
Bg5 c5 16. Ke2 Nc6 17. Be3 cxd4 18. Bxd4 Qc7 19. f4 O-O-O 20. b4 Kb8 21. a4 Rc8
22. Rhc1 Nxd4+ 23. Qxd4 Be7 24. g3 Qc6 25. Nb3 Rc7 26. b5 Qc4+ 27. Qxc4 Rxc4
28. Nd2 Rc7 29. Rab1 Ba3 30. Rc2 Rgc8 31. Rb3 Bc5 32. Nf3 Bb6 33. Kd3 Rc4 34.
Ra3 Re4 35. Re2 Rcc4 36. Ng5 Rxe2 37. Kxe2 Rc7 38. Rb3 Kc8 39. Ra3 Ba5 40. Kd3
Kd8 41. Nf3 Ke7 42. Nd4 f6 43. Ne2 Rc4 44. exf6+ Kxf6 45. Nd4 Bb6 46. a5 Bxd4
47. cxd4 Rb4 48. a6 Rxb5 49. axb7 Rxb7 50. Ke3 Kf5 51. Kf3 a5 52. Rxa5 Rb3+ 53.
Kf2 Kg4 54. Ra6 Rb2+ 55. Ke3 Rb3+ 56. Kf2 Rf3+ 57. Ke2 Kxg3 58. Rxe6 Rxf4 59.
Rxg6+ Kxh4 60. Ke3 Re4+ 61. Kd3 Rg4 62. Rh6 Rg5 63. Ke3 Kg3 64. Rf6 h4 65. Rf3+
Kg2 66. Rf2+ Kg1 67. Ra2 Rf5 68. Ra1+ Rf1 69. Ra8 Re1+ 70. Kf3 Re4 71. Ra1+ Kh2
72. Ra2+ Kh3 73. Ra1 1/2-1/2

[Event "Thüringenliga 2011/2012"]
[Site "?"]
[Date "2012.03.04"]
[Round "7"]
[White "Römer, Norbert"]
[Black "Fuhrmann, Christian"]
[Result "0-1"]
[WhiteElo "1803"]
[BlackElo "1803"]
[PlyCount "108"]
[EventDate "2011.??.??"]
[WhiteTeam "TSG Apolda"]
[BlackTeam "SC Suhl"]

1. c4 e5 2. Nc3 c5 3. g3 g6 4. Bg2 Bg7 5. d3 Nc6 6. e4 Nge7 7. Nge2 O-O 8. O-O
d6 9. Nd5 Nxd5 10. cxd5 Ne7 11. Bd2 a5 12. Nc3 Bd7 13. a4 f5 14. f4 b6 15. Qb3
Rb8 16. Nb5 Bxb5 17. Qxb5 Qe8 18. Qxe8 Rfxe8 19. fxe5 Bxe5 20. Rfb1 Rf8 21. Bc3
Bg7 22. Re1 Rbd8 23. Rad1 g5 24. d4 f4 25. gxf4 gxf4 26. Bf3 cxd4 27. Bxd4
Bxd4+ 28. Rxd4 Ng6 29. Rc1 Ne5 30. Kf2 Rc8 31. Rg1+ Kf7 32. Bh5+ Kf6 33. Bd1
Rg8 34. Rxg8 Rxg8 35. Rd2 Rc8 36. Bc2 Nc4 37. Re2 Nxb2 38. Kf3 Ke5 39. Rg2 Rc3+
40. Kg4 Nc4 41. Kh5 f3 42. Rg5+ Kf4 43. Rf5+ Ke3 44. Bd1 Kxe4 45. Rf7 Ne5 46.
Rf6 Kxd5 47. Kh4 Rd3 48. Bc2 Rd2 49. Bb3+ Kc5 50. Kg3 Kb4 51. Bg8 Rg2+ 52. Kf4
Rxg8 53. Rxd6 f2 54. Rd4+ Nc4 0-1

[Event "Thüringenliga 2011/2012"]
[Site "?"]
[Date "2012.04.01"]
[Round "8"]
[White "du Maire, Jérôme"]
[Black "Berghof, Axel"]
[Result "0-1"]
[WhiteElo "1987"]
[BlackElo "2036"]
[PlyCount "63"]
[EventDate "2011.??.??"]
[WhiteTeam "SV 1861 Liebschwitz"]
[BlackTeam "SC Suhl"]

1. d4 d5 2. c4 e6 3. Nf3 c6 4. e3 f5 5. Bd3 Nf6 6. O-O Be7 7. b3 O-O 8. Ba3
Bxa3 9. Nxa3 Ne4 10. Ne5 Nd7 11. f4 Ndf6 12. Nb1 Qa5 13. c5 Bd7 14. a3 Be8 15.
b4 Qc7 16. Qc2 g5 17. fxg5 Nxg5 18. Nc3 Nd7 19. Nxd7 Bxd7 20. b5 Rf6 21. bxc6
bxc6 22. Rab1 Rh6 23. g3 Rf8 24. Kg2 Bc8 25. Qf2 Nh3 26. Qd2 Qg7 27. Ne2 Qg4
28. Nf4 Ng5 29. Qd1 Qxd1 30. Rfxd1 Nf7 31. Rb8 e5 32. Rdb1 0-1